Деловой английский язык. Ч. 2 (Запись № 9875345)

Подробности
000 -МАРКЕР
контрольное поле 01516nam2a2200265 4500
001 - ИДЕНТИФИКАТОР ЗАПИСИ
контрольное поле RU\NLR\BIBL_A\010015606
005 - ИДЕНТИФИКАТОР ВЕРСИИ
контрольное поле 20250613195929.0
021 ## - НОМЕР ГОСУДАРСТВЕННОЙ РЕГИСТРАЦИИ
Код страны Российская Федерация
Номер 2013-89168
Номер Листа государственной регистраци 6164
035 ## - ДРУГИЕ СИСТЕМНЫЕ НОМЕРА
Идентификатор записи (NLR Aleph) 010015606
100 ## - ДАННЫЕ ОБЩЕЙ ОБРАБОТКИ
Данные общей обработки 20131218d2012 |||y0rusy50 ca
101 0# - ЯЗЫК РЕСУРСА
Язык текста, звукозаписи и т.д. русский
-- английский
102 ## - СТРАНА ПУБЛИКАЦИИ ИЛИ ПРОИЗВОДСТВА
Страна публикации Российская Федерация
105 ## - ПОЛЕ КОДИРОВАННЫХ ДАННЫХ: ТЕКСТОВЫЕ МАТЕРИАЛЫ, МОНОГРАФИЧЕСКИЕ
Кодированные данные о монографическом текстовом документе a ||j|||001yy
200 0# - ЗАГЛАВИЕ И СВЕДЕНИЯ ОБ ОТВЕТСТВЕННОСТИ
Основное заглавие Ч. 2
Первые сведения об ответственности С. Г. Нестерцова, Л. М. Ковтунович
210 ## - ПУБЛИКАЦИЯ, РАСПРОСТРАНЕНИЕ И ДР.
Дата издания, распространения и т.д. 2012
Место издания, распространения и т.д. Б. м.
215 ## - ФИЗИЧЕСКАЯ ХАРАКТЕРИСТИКА
Специфическое обозначение материала и объем 69, [1] с.
Другие сведения о физической характеристике ил.
320 ## - ПРИМЕЧАНИЯ О НАЛИЧИИ В ДОКУМЕНТЕ БИБЛИОГРАФИИ / УКАЗАТЕЛЯ
Текст примечания Библиогр. в конце кн. (16 назв.)
461 #0 - УРОВЕНЬ НАБОРА
Встроенное поле 001RU\NLR\bibl\2060092
-- 2000#$aДеловой английский язык$eучебное пособие$fС.Г. Нестерцова, Н.Н. Кузьмина$gМ-во образвания и науки Рос. Федерации, Юж.-Урал. гос. ун-т, Каф. междунар. коммуникаций$vЧ. 2
-- 700#1$aНестерцова$bС. Г.$gСветлана Григорьевна$4070
Системный номер (АБИС) связанной записи 4622683
Автор Нестерцова, С. Г.
Место публикации Челябинск
Дата публикации 2011
Первые сведения об ответственности С.Г. Нестерцова, Н.Н. Кузьмина
Имя издателя, распространителя и т.д. Издательский центр ЮУрГУ
Сведения, относящиеся к заглавию учебное пособие
Заглавие Деловой английский язык
Номер тома Ч. 2
701 #1 - ИМЯ ЛИЦА - АЛЬТЕРНАТИВНАЯ ОТВЕТСТВЕННОСТЬ
Начальный элемент ввода Нестерцова
Часть имени, кроме начального элемента ввода С. Г.
Расширение инициалов личного имени Светлана Григорьевна
701 #1 - ИМЯ ЛИЦА - АЛЬТЕРНАТИВНАЯ ОТВЕТСТВЕННОСТЬ
Начальный элемент ввода Ковтунович
Часть имени, кроме начального элемента ввода Л. М.
Расширение инициалов личного имени Лилия Михайловна
942 ## - ДОПОЛНИТЕЛЬНЫЕ ЭЛЕМЕНТЫ ЗАПИСИ (АБИС)
Тип экземпляра АБИС Книга
980 ## - КОЛЛЕКЦИЯ
Название коллекции Национальная библиография
Экземпляры
Тип экземпляра Дата поступления Источник поступления Библиотека постоянного хранения Библиотека текущего хранения Место хранения Шифр хранения Штрих-код Статус экземпляра
Книга 18.12.2013 Обязательный экземпляр РНБ (Московский) РНБ (Московский) Русский книжный фонд: издания с 1957 года 2013-8/1722 1-16509